Organometallic chemistry a unified approach (Record no. 229214)
[ view plain ]
| 000 -LEADER | |
|---|---|
| fixed length control field | 01053nam a22002297a 4500 |
| 005 - DATE AND TIME OF LATEST TRANSACTION | |
| control field | 20231122112342.0 |
| 008 - FIXED-LENGTH DATA ELEMENTS--GENERAL INFORMATION | |
| fixed length control field | 231117b ||||| |||| 00| 0 eng d |
| 020 ## - INTERNATIONAL STANDARD BOOK NUMBER | |
| International Standard Book Number | 9788122412581 |
| 040 ## - CATALOGING SOURCE | |
| Transcribing agency | AL |
| 041 ## - LANGUAGE CODE | |
| Language code of text/sound track or separate title | eng |
| 082 ## - DEWEY DECIMAL CLASSIFICATION NUMBER | |
| Edition number | 23 |
| Classification number | 547.05 |
| Item number | MEHO |
| 100 ## - MAIN ENTRY--PERSONAL NAME | |
| Personal name | R C Mehrotra |
| 9 (RLIN) | 142018 |
| 245 ## - TITLE STATEMENT | |
| Title | Organometallic chemistry a unified approach |
| 250 ## - EDITION STATEMENT | |
| Edition statement | 2nd ed. |
| 260 ## - PUBLICATION, DISTRIBUTION, ETC. | |
| Place of publication, distribution, etc. | New Delhi |
| Name of publisher, distributor, etc. | New age international |
| Date of publication, distribution, etc. | 2003 |
| 300 ## - PHYSICAL DESCRIPTION | |
| Extent | xiii,618p. |
| Other physical details | PB |
| Dimensions | 24x16cm. |
| 365 ## - TRADE PRICE | |
| Source of price type code | General |
| Price type code | ABDI/0722/23 |
| Price amount | ₹374.00 |
| Currency code | ₹ |
| Unit of pricing | ₹499.00 |
| Price note | 25% |
| Price effective from | 27/10/2023 |
| 520 ## - SUMMARY, ETC. | |
| Summary, etc. | Introduction, historical and general; classification nomenclature and characteristics of organometallic compound; organometallic compounds of main group elements; organometallic compounds of transition metals; Fluxional organometallic compounds; synthetic and catalytic aspects of Organometallic chemistry; Biological Applications and Environmental aspects of organometallic compounds. |
| 650 ## - SUBJECT ADDED ENTRY--TOPICAL TERM | |
| Source of heading or term | chemistry |
| Topical term or geographic name entry element | Organic chemistry |
| 9 (RLIN) | 142019 |
| 700 ## - ADDED ENTRY--PERSONAL NAME | |
| Personal name | Singh, A |
| 9 (RLIN) | 142020 |
| 942 ## - ADDED ENTRY ELEMENTS (KOHA) | |
| Source of classification or shelving scheme | Dewey Decimal Classification |
| Koha item type | Book |
| Withdrawn status | Lost status | Source of classification or shelving scheme | Damaged status | Not for loan | Collection code | Home library | Current library | Date acquired | Source of acquisition | Cost, normal purchase price | Total Checkouts | Full call number | Barcode | Date last seen | Date last checked out | Cost, replacement price | Price effective from | Koha item type | Total Renewals |
|---|---|---|---|---|---|---|---|---|---|---|---|---|---|---|---|---|---|---|---|
| Dewey Decimal Classification | Analytical Chemistry | St Aloysius PG Library | St Aloysius PG Library | 11/17/2023 | Academic Book Distributors | 374.00 | 1 | 547.05 MEHO | PG024465 | 08/26/2024 | 08/21/2024 | 499.00 | 11/17/2023 | Book | |||||
| Dewey Decimal Classification | Analytical Chemistry | St Aloysius PG Library | St Aloysius PG Library | 11/17/2023 | Academic Book Distributors | 374.00 | 1 | 547.05 MEHO | PG024466 | 11/06/2024 | 10/21/2024 | 499.00 | 11/17/2023 | Book | 1 | ||||
| Dewey Decimal Classification | Analytical Chemistry | St Aloysius PG Library | St Aloysius PG Library | 11/17/2023 | Academic Book Distributors | 374.00 | 4 | 547.05 MEHO | PG024467 | 08/12/2025 | 08/09/2025 | 499.00 | 11/17/2023 | Book | |||||
| Dewey Decimal Classification | Analytical Chemistry | St Aloysius PG Library | St Aloysius PG Library | 11/17/2023 | Academic Book Distributors | 374.00 | 3 | 547.05 MEHO | PG024468 | 08/12/2025 | 08/09/2025 | 499.00 | 11/17/2023 | Book |